Reverse Acquisitions and Steps How to Detect Them
Analýza reverznej akvizície (spätného nadobudnutia), alternatívneho prostriedku pre možnosť transformácie súkromnej spoločnosti na verejne obchodovanú spoločnosť. Príklady pre účtovníctvo umožňujúce pochopiť princíp reverzných akvizícií. Päťstupňový systém k reverznej akvizícii vysvetlený krok po kr...
Enregistré dans:
| Auteur principal: | |
|---|---|
| Format: | Chapitre de livre |
| Langue: | slovaque |
| Sujets: | |
| Tags: |
Pas de tags, Soyez le premier à ajouter un tag!
|
MARC
| LEADER | 00000naa$a2200000$$$4500 | ||
|---|---|---|---|
| 001 | 0268688 | ||
| 005 | 20240502083805.5 | ||
| 041 | 0 | |a slo | |
| 044 | |a CZ | ||
| 245 | 1 | 0 | |a Reverse Acquisitions and Steps How to Detect Them |c Nikoleta Baloghová |
| 520 | |a Analýza reverznej akvizície (spätného nadobudnutia), alternatívneho prostriedku pre možnosť transformácie súkromnej spoločnosti na verejne obchodovanú spoločnosť. Príklady pre účtovníctvo umožňujúce pochopiť princíp reverzných akvizícií. Päťstupňový systém k reverznej akvizícii vysvetlený krok po kroku. Komparácia americkej literatúry a IFRS 3 k reverznej akvizícii. | ||
| 610 | 2 | 0 | |a akvizícia |
| 610 | 2 | 0 | |a kombinácie podnikové |
| 610 | 2 | 0 | |a účtovníctvo |
| 610 | 2 | 0 | |a IFRS |
| 610 | 2 | 0 | |a analýza kvalitatívna |
| 610 | 2 | 0 | |a transformácia podniku |
| 610 | 2 | 0 | |a veda o podniku |
| 100 | 1 | |a Baloghová, Nikoleta, 1991- | |